Relationship marketing : (Record no. 2140)

MARC details
000 -LEADER
fixed length control field 00684nam a2200217 a 4500
001 - CONTROL NUMBER
control field 2142
005 - DATE AND TIME OF LATEST TRANSACTION
control field 20221127090353.0
008 - FIXED-LENGTH DATA ELEMENTS--GENERAL INFORMATION
fixed length control field 100614s lxxka | 00100|eng d
020 ## - INTERNATIONAL STANDARD BOOK NUMBER
International Standard Book Number 9780273713197 :
Terms of availability SR204.00
035 ## - SYSTEM CONTROL NUMBER
System control number 228
082 04 - DEWEY DECIMAL CLASSIFICATION NUMBER
Classification number 658.812
Item number Eg13 2008
100 1# - MAIN ENTRY--PERSONAL NAME
Personal name Egan, John.
245 10 - TITLE STATEMENT
Title Relationship marketing :
Remainder of title exploring relational strategies in marketing /
Statement of responsibility, etc. John Egan.
250 ## - EDITION STATEMENT
Edition statement 3rd ed.
260 ## - PUBLICATION, DISTRIBUTION, ETC.
Place of publication, distribution, etc. Harlow, England :
Name of publisher, distributor, etc. FT/Prentice Hall,
Date of publication, distribution, etc. 2008.
300 ## - PHYSICAL DESCRIPTION
Extent xxi, 311 p. :
Other physical details ill. ;
Dimensions 25 cm.
504 ## - BIBLIOGRAPHY, ETC. NOTE
Bibliography, etc. note Includes bibl. references and index.
650 #4 - SUBJECT ADDED ENTRY--TOPICAL TERM
Topical term or geographic name entry element Relationship marketing.
650 #4 - SUBJECT ADDED ENTRY--TOPICAL TERM
Topical term or geographic name entry element Marketing
General subdivision Management.
650 #4 - SUBJECT ADDED ENTRY--TOPICAL TERM
Topical term or geographic name entry element Communication in marketing.
Holdings
Withdrawn status Lost status Source of classification or shelving scheme Damaged status Not for loan Home library Current library Date acquired Total Checkouts Full call number Barcode Date last seen Copy number Price effective from Koha item type
              11/27/2022   658.812 Eg13 2008 1000000006148 11/27/2022 C2 11/27/2022 Book
          CENTRAL CENTRAL 11/27/2022   658.812 Eg13 2008 1000000003765 11/27/2022 C1 11/27/2022 Book